Management and Entrepreneurship (Record no. 94455)

MARC details
000 -LEADER
fixed length control field 00600nam a2200229Ia 4500
005 - DATE AND TIME OF LATEST TRANSACTION
control field 20230422115155.0
008 - FIXED-LENGTH DATA ELEMENTS--GENERAL INFORMATION
fixed length control field 230125s9999 xx 000 0 und d
020 ## - INTERNATIONAL STANDARD BOOK NUMBER
International Standard Book Number 9789380856445
041 ## - LANGUAGE CODE
Language code of text/sound track or separate title eng
082 ## - DEWEY DECIMAL CLASSIFICATION NUMBER
Classification number 658.421
Item number MAN
100 ## - MAIN ENTRY--PERSONAL NAME
Author Manjunatha
245 ## - TITLE STATEMENT
Title Management and Entrepreneurship
250 ## - EDITION STATEMENT
Edition statement Ed.1st
260 ## - PUBLICATION, DISTRIBUTION, ETC.
Date of publication, distribution, etc. 2014
Name of publisher, distributor, etc. Laxmi Publications (P) LTD
Place of publication, distribution, etc. New Delhi
300 ## - PHYSICAL DESCRIPTION
Extent 324p
500 ## - GENERAL NOTE
Keywords Entrepreneurship<br/>
650 ## - SUBJECT ADDED ENTRY--TOPICAL TERM
Topical term or geographic name entry element Entrepreneurship
700 ## - ADDED ENTRY--PERSONAL NAME
Personal name Manjunatha & Goudar A K
942 ## - ADDED ENTRY ELEMENTS (KOHA)
Koha item type Books
906 ## - LOCAL DATA ELEMENT F, LDF (RLIN)
b 80.6
Holdings
Withdrawn status Lost status Damaged status Not for loan Home library Current library Date acquired Vendor Net Price Bill number Total Checkouts Full call number Barcode Date last seen Actual Price Bill Date Koha item type Original Barcode
        Smt. Hiraben Nanavati Institute of Management & Research for Women Smt. Hiraben Nanavati Institute of Management & Research for Women 27/01/2017 Suyog Enterprises 260.00 3666   658.421 MAN B14907 HIMR-BK-14907 25/01/2023 179.40 19/01/2017 Books B14907